Find the attraction - Asia - Statistics

General Stats
  • This quiz has been taken 51 times
  • The average score is 11 of 14
Answers on the Map
Answers color-coded by a green-red scale on the quiz's map according to % correct below.
 
Answer Stats
Attraction Coord % Correct
Taj Mahal F6
100%
Burj Khalifa D6
96%
Petra B7
94%
Ancient Babylon B7
94%
Petronas Towers H3
94%
Angkor Wat I4
92%
Mount Ararat B8
88%
Itsukushima Shrine K7
86%
Terracotta Army I7
76%
Big Almaty Lake F9
73%
San Agustin Church J4
47%
Potala Palace G7
45%
Borobudur I1
45%
Porcelain Tower J7
41%
No matching quizzes found
Score Distribution
Percent of People with Each Score
Percentile by Number Answered
Your Score History
You have not taken this quiz